000 00508cam a2200205ua 4500
001 5222
005 20260515113841.0
008 120303n ii |||gr||||Z||||||eng
020 _a81-229-0395-9
040 _cMAIN
082 _a821
100 _aSidney, Philip,
_eAuthor,
245 1 1 _aAn apology for poetry
_cby Philip Sidney
250 _a1st.
260 _aDelhi:
_bSujeet publications,
_c2007.
300 _a152p:
_c23cm.
653 _aEnglish poetry
700 _aLall, Ramji,
_eEditor,
942 _cBK
999 _c4400
_d4400